Your five senses (Record no. 48537)

MARC details
000 -LÍDER
campo de controle de tamanho fixo 00333 a2200133 4500
001 - NÚMERO DE CONTROLE
campo de controle 48537
020 ## - ISBN - INTERNATIONAL STANDARD BOOK NUMBER
ISBN - International Standard Book Number 9780194643771
040 ## - FONTE DA CATALOGAÇÃO
Instituição que transcreveu o registro Anchieta - Bela Vista
100 ## - ENTRADA PRINCIPAL--NOME PESSOAL
Nome pessoal Quinn, Robert
240 10 - TÍTULO UNIFORME
Título uniforme Your five senses
Idioma da obra eng
245 10 - TÍTULO
Título Your five senses
650 #4 - ASSUNTO--TERMO TÓPICO
Cabeçalho tópico ou nome geográfico Inglês básico aplicado, inclusive termos estrangeiros
942 ## - ELEMENTOS DE ENTRADA ADICIONADOS (KOHA)
Tipo de material Koha Livros
Holdings
Situação do descarte Situação das perdas Situação física Não pode ser emprestado Biblioteca de origem Biblioteca atual Data de aquisição Total de empréstimos Número de chamada completo Código de barras Data de último acesso Data do preço efetivo Tipo de material Koha
        Colégio Anchieta - Bela Vista Colégio Anchieta - Bela Vista 21/11/2023   428.24 Q7y QUI YOU 620/BEL 21/11/2023 21/11/2023 Livros